| 000 | 00895cab a2200265 4500 | ||
|---|---|---|---|
| 001 | WB2845-14 | ||
| 008 | 090401t1992 xxu||||| |||| 00| 0 eng d | ||
| 035 | _a(Sirsi) u63474 | ||
| 041 | _aeng | ||
| 245 | _aEC public works programme | ||
| 260 | _c1992 | ||
| 350 | _a0 | ||
| 490 |
_aFinancial Times _v19 November 1992, 2(1) |
||
| 520 | _aThe European Commission is promoting a collective European response to the economic downturn by proposals for a public works programme, which so far is backed by France but is unlikely to win German favour. | ||
| 650 | _aCAPITAL PROJECTS | ||
| 650 | _aCAPITAL SPENDING | ||
| 650 | _aEUROPE | ||
| 650 | _aEUROPEAN COMMUNITY | ||
| 650 |
_aInfrastructure _96246 |
||
| 650 | _aRECESSION | ||
| 650 | _aPROPERTY-INFRASTRUCTURE-TRANSPORT INFRASTRUCTURE-ROAD INFRASTRUCTURE | ||
| 690 | _aEUROPE-SINGLE MARKET | ||
| 942 | _n0 | ||
| 948 | _c04/03/1997 | ||
| 999 |
_c39450 _d39450 |
||